| 000 | 00536nam a22001817a 4500 | ||
|---|---|---|---|
| 003 | CEME | ||
| 005 | 20210628205720.0 | ||
| 008 | 210316b xxu||||| |||| 00| 0 eng d | ||
| 020 | _a0-89006-510-1 | ||
| 040 | _c. | ||
| 082 | _a005.8 OPP | ||
| 100 |
_aOppliger, Rolf _959148 |
||
| 245 | _aAuthentication systems for secure networks | ||
| 260 |
_aLONDON _bARTECH HOUSE _c1996 |
||
| 300 | _a185P | ||
| 650 |
_aCOMPUTER NETWORKS-SECURITY MEASURES COMPUTER-ACCESS CONTROL AUTHENTICATION NETWORK SECURE SYSTEMS _976791 |
||
| 942 |
_cBK _2ddc |
||
| 999 |
_c582122 _d582122 |
||